[Event "Olomouc 2008 - IM - C"]
[Site "?"]
[Date "2008.08.02"]
[Round "5.6"]
[White "Stets, Dmitry"]
[Black "Skinke, Katrina"]
[Result "1-0"]
[WhiteElo "2420"]
[BlackElo "2197"]
[PlyCount "99"]
[EventDate "2008.07.30"]

1. e4 d6 2. d4 Nf6 3. Nc3 g6 4. f4 Bg7 5. Nf3 O-O 6. Bd3 Nc6 7. O-O e5 8. fxe5
dxe5 9. d5 Nb4 10. Bg5 h6 11. Bh4 Qe7 12. Be2 g5 13. Bg3 Ne8 14. a3 Na6 15. Nd2
Nd6 16. Bg4 f5 17. exf5 Bxf5 18. Bxf5 Nxf5 19. Bf2 Rad8 20. Qe2 Qd7 21. Nde4
Nd4 22. Qd3 Qe7 23. Rad1 Nc5 24. Qc4 Nxe4 25. Nxe4 Kh8 26. c3 Nf5 27. Bc5 Nd6
28. Qe2 b6 29. Bxd6 cxd6 30. Qh5 Rf4 31. Qg6 Rdf8 32. g3 Rxf1+ 33. Rxf1 Rxf1+
34. Kxf1 Bf8 35. Ke2 Qh7 36. Qf6+ Qg7 37. Qe6 Qe7 38. Kd3 Kg7 39. Qxe7+ Bxe7
40. g4 Kf7 41. a4 Ke8 42. Nd2 Bd8 43. Ke4 Kf7 44. Kf5 Bc7 45. Ne4 a6 46. b4 b5
47. axb5 axb5 48. h3 Bb8 49. Nd2 Ba7 50. Nb1 1-0

[Event "Olomouc 2008 - IM - C"]
[Site "?"]
[Date "2008.08.03"]
[Round "6.1"]
[White "Pochinkov, Andrey"]
[Black "Skinke, Katrina"]
[Result "1-0"]
[WhiteElo "2167"]
[BlackElo "2197"]
[PlyCount "60"]
[EventDate "2008.07.30"]

1. e4 d6 2. d4 Nf6 3. Nc3 g6 4. f3 c6 5. Be3 b5 6. Qd2 Nbd7 7. O-O-O Nb6 8. Bh6
b4 9. Nb1 Bxh6 10. Qxh6 Be6 11. Nd2 Qc7 12. Ba6 c5 13. d5 Bc8 14. Bb5+ Bd7 15.
Bc4 Nxc4 16. Nxc4 Bb5 17. e5 Bxc4 18. exf6 O-O-O 19. Qg5 Bb5 20. fxe7 Rde8 21.
Re1 Qa5 22. Nh3 Qxa2 23. Qf6 Qxd5 24. Ng5 Bc4 25. Ne4 Kc7 26. Rd1 Qe6 27. Qf4
Rxe7 28. Nxd6 Be2 29. Nxf7+ Kb7 30. Nd8+ Rxd8 1-0

[Event "Olomouc 2008 - IM - C"]
[Site "?"]
[Date "2008.08.03"]
[Round "6.2"]
[White "Beil, Martin"]
[Black "Stets, Dmitry"]
[Result "0-1"]
[WhiteElo "2208"]
[BlackElo "2420"]
[PlyCount "74"]
[EventDate "2008.07.30"]

1. e4 c5 2. Nf3 d6 3. d4 cxd4 4. Nxd4 Nf6 5. Nc3 g6 6. Be3 Bg7 7. f3 O-O 8. Bc4
Nc6 9. Qd2 Bd7 10. O-O-O Ne5 11. Bb3 Qa5 12. h4 Rfc8 13. h5 Nxh5 14. Qf2 Rxc3
15. bxc3 Nf6 16. g4 Rc8 17. Ne2 Bb5 18. g5 Nh5 19. Rd5 e6 20. Rxb5 Qxb5 21.
Bxa7 Nc4 22. f4 b6 23. f5 Qa5 24. Bxc4 Rxc4 25. Qxb6 Qxa2 26. Qd8+ Bf8 27. Bb8
Qa3+ 28. Kd2 Rxe4 29. fxg6 hxg6 30. Nd4 Qc5 31. Rf1 Rf4 32. Rb1 Rf2+ 33. Ke1
Rh2 34. Rb3 Qe5+ 35. Kd1 Qf4 36. Nf3 Rh1+ 37. Ke2 Ng3+ 0-1

[Event "Olomouc 2008 - IM - C"]
[Site "?"]
[Date "2008.08.03"]
[Round "6.3"]
[White "Semcesen, Daniel"]
[Black "Jurcik, Martin"]
[Result "1/2-1/2"]
[WhiteElo "2387"]
[BlackElo "2352"]
[PlyCount "56"]
[EventDate "2008.07.30"]

1. c4 c5 2. Nf3 Nf6 3. Nc3 d5 4. cxd5 Nxd5 5. Qa4+ Bd7 6. Qb3 Nb4 7. Ne5 Be6 8.
Qa4+ Bd7 9. Qb3 Be6 10. Qa4+ Bd7 11. Nxd7 Qxd7 12. Qd1 N8c6 13. a3 Nd5 14. e3
e6 15. Be2 Be7 16. O-O O-O 17. Qc2 Rac8 18. Ne4 b6 19. d3 Rfd8 20. Rd1 f5 21.
Ng3 g6 22. Bf1 Bf6 23. Ne2 Kh8 24. Rb1 Qg7 25. Bd2 Ne5 26. Nc3 Nc6 27. Ne2 Qd7
28. Qa4 Ne5 1/2-1/2

[Event "Olomouc 2008 - IM - C"]
[Site "?"]
[Date "2008.08.03"]
[Round "6.4"]
[White "Klecker, Tadeas"]
[Black "Rosko, Lubos"]
[Result "1/2-1/2"]
[WhiteElo "2162"]
[BlackElo "2387"]
[PlyCount "96"]
[EventDate "2008.07.30"]

1. d4 Nf6 2. Nf3 g6 3. c4 Bg7 4. g3 d5 5. Bg2 O-O 6. O-O dxc4 7. Na3 c3 8. bxc3
c5 9. e3 Nc6 10. Qe2 Qa5 11. Bb2 Rd8 12. Rfd1 Qa4 13. Nc4 Be6 14. Ncd2 cxd4 15.
cxd4 Rac8 16. Nb1 Na5 17. Nc3 Qb4 18. Qb5 Qxb5 19. Nxb5 a6 20. Na3 b5 21. Nb1
b4 22. Ne1 Nc4 23. Bc1 a5 24. Nd2 Nd5 25. Nxc4 Rxc4 26. Nd3 Nc3 27. Rd2 Na4 28.
Nb2 Nxb2 29. Bxb2 Bd5 30. e4 Bb7 31. d5 Bxb2 32. Rxb2 Rdc8 33. f4 Rd4 34. a3 f5
35. exf5 gxf5 36. axb4 axb4 37. Rab1 Rcc4 38. Bf1 Rc7 39. Rxb4 Rxb4 40. Rxb4
Bxd5 41. Rd4 Be4 42. Rd2 Kg7 43. Bg2 Rc1+ 44. Kf2 Bxg2 45. Kxg2 Rc8 46. Re2 Kf6
47. Kh3 Rc4 48. Kh4 Rc7 1/2-1/2

[Event "Olomouc 2008 - IM - C"]
[Site "?"]
[Date "2008.08.03"]
[Round "6.6"]
[White "Shilov, Sergej"]
[Black "Biolek, Richard Jr"]
[Result "0-1"]
[WhiteElo "2255"]
[BlackElo "2354"]
[PlyCount "50"]
[EventDate "2008.07.30"]

1. e4 e5 2. Nc3 Bc5 3. Bc4 Nf6 4. d3 Nc6 5. f4 d6 6. f5 Ne7 7. Qf3 d5 8. Bb3 b5
9. Nge2 Bb7 10. Bg5 c6 11. Bh4 a5 12. a4 b4 13. Nd1 Qb6 14. Qg3 Rg8 15. Qf3
O-O-O 16. Bf2 Bxf2+ 17. Qxf2 c5 18. exd5 Nexd5 19. Bc4 e4 20. O-O Rge8 21. Nf4
Nxf4 22. Qxf4 exd3 23. cxd3 Re2 24. Rf2 Rd4 25. Qg5 Rg4 0-1

[Event "Olomouc 2008 - IM - C"]
[Site "?"]
[Date "2008.08.03"]
[Round "7.1"]
[White "Biolek, Richard Jr"]
[Black "Pochinkov, Andrey"]
[Result "1-0"]
[WhiteElo "2354"]
[BlackElo "2167"]
[PlyCount "65"]
[EventDate "2008.07.30"]

1. Nc3 e6 2. d4 d5 3. e4 Bb4 4. e5 c5 5. a3 Bxc3+ 6. bxc3 Ne7 7. Nf3 Nbc6 8. a4
Qc7 9. Be2 Bd7 10. O-O O-O-O 11. a5 c4 12. Ba3 Rdg8 13. Qc1 Be8 14. Bd6 Qd7 15.
Bc5 Kb8 16. Qa3 Nc8 17. Rfb1 Qc7 18. Rb2 Nd8 19. Rab1 Bc6 20. Bd6 Nxd6 21. exd6
Qc8 22. Ne5 f6 23. Nxc6+ Qxc6 24. Qc5 Qxc5 25. dxc5 Kc8 26. a6 bxa6 27. Rb8+
Kd7 28. Ra8 Nb7 29. Rxb7+ Kc6 30. Rc7+ Kb5 31. Rxg8 Rxg8 32. d7 Rd8 33. c6 1-0

[Event "Olomouc 2008 - IM - C"]
[Site "?"]
[Date "2008.08.03"]
[Round "7.2"]
[White "Biolek, Richard"]
[Black "Shilov, Sergej"]
[Result "1-0"]
[WhiteElo "2434"]
[BlackElo "2255"]
[PlyCount "43"]
[EventDate "2008.07.30"]

1. e4 d5 2. exd5 Nf6 3. d4 Nxd5 4. c4 Nb6 5. Nf3 g6 6. Nc3 Bg7 7. c5 Nd5 8. Bc4
Nxc3 9. bxc3 b6 10. Ng5 O-O 11. Nxf7 Rxf7 12. Bxf7+ Kh8 13. Qf3 c6 14. h4 bxc5
15. Bg5 Bf6 16. h5 Bxg5 17. hxg6 h6 18. Qg3 Kg7 19. Rxh6 Qa5 20. Rh7+ Kf8 21.
Rh8+ Kg7 22. Rg8+ 1-0

[Event "Olomouc 2008 - IM - C"]
[Site "?"]
[Date "2008.08.03"]
[Round "7.3"]
[White "Rosko, Lubos"]
[Black "Kireev, Aleksei"]
[Result "0-1"]
[WhiteElo "2387"]
[BlackElo "2387"]
[PlyCount "77"]
[EventDate "2008.07.30"]

1. e4 d6 2. d4 e5 3. Ne2 exd4 4. Nxd4 Nf6 5. Nc3 Be7 6. Be3 O-O 7. Be2 Re8 8.
Qd2 a6 9. O-O-O b5 10. f3 Bf8 11. Bg5 h6 12. Bf4 Nfd7 13. g4 Ne5 14. h4 Nbc6
15. Nxc6 Nxc6 16. g5 h5 17. Qd5 Bd7 18. g6 Qf6 19. gxf7+ Qxf7 20. Qd2 Be6 21.
Kb1 Ne5 22. Bg5 Nc4 23. Qc1 Nb6 24. Be3 c5 25. b3 b4 26. Nd5 Bxd5 27. exd5 Qe7
28. Rd3 g6 29. Rg1 Kh7 30. f4 Qf6 31. f5 Qxf5 32. Rg5 Qf6 33. c3 bxc3 34. Kc2
Re5 35. Rxe5 Qxe5 36. Qf1 Re8 37. Qf3 Bg7 38. Qg2 Qf5 39. Qg3 0-1

[Event "Olomouc 2008 - IM - C"]
[Site "?"]
[Date "2008.08.03"]
[Round "7.4"]
[White "Jurcik, Martin"]
[Black "Klecker, Tadeas"]
[Result "1/2-1/2"]
[WhiteElo "2352"]
[BlackElo "2162"]
[PlyCount "99"]
[EventDate "2008.07.30"]

1. e4 d6 2. d4 e5 3. Nf3 exd4 4. Nxd4 Nf6 5. Nc3 Be7 6. Bf4 O-O 7. Qd2 Nc6 8.
O-O-O Nxd4 9. Qxd4 Be6 10. f3 Nd7 11. Qe3 Bf6 12. g4 a5 13. h4 Be5 14. Kb1 Qe7
15. Be2 c6 16. Bh2 Bxh2 17. Rxh2 Ne5 18. a4 Rfd8 19. g5 Bc4 20. Rd4 Bxe2 21.
Nxe2 b5 22. axb5 cxb5 23. Rd5 Rdb8 24. Nd4 b4 25. Nf5 Qc7 26. f4 Nc6 27. Rxd6
Ne7 28. Nxe7+ Qxe7 29. Rhd2 a4 30. Qd4 b3 31. c4 Re8 32. e5 a3 33. bxa3 Rxa3
34. Rd8 Ra8 35. Rxe8+ Qxe8 36. Qd7 Qb8 37. c5 g6 38. e6 Qxf4 39. Qxf7+ Qxf7 40.
exf7+ Kxf7 41. Rd7+ Ke6 42. Rxh7 Rc8 43. Rb7 Kf5 44. Rf7+ Kg4 45. Rf6 Kxh4 46.
Rxg6 Rxc5 47. Kb2 Rxg5 48. Rxg5 Kxg5 49. Kxb3 Kf5 50. Kc4 1/2-1/2

[Event "Olomouc 2008 - IM - C"]
[Site "?"]
[Date "2008.08.03"]
[Round "7.5"]
[White "Stets, Dmitry"]
[Black "Semcesen, Daniel"]
[Result "1-0"]
[WhiteElo "2420"]
[BlackElo "2387"]
[PlyCount "53"]
[EventDate "2008.07.30"]

1. e4 e5 2. Nf3 Nf6 3. d4 Nxe4 4. Bd3 Nc6 5. d5 Nc5 6. O-O Nb4 7. Nxe5 Nbxd3 8.
Nxd3 Nxd3 9. Qxd3 Be7 10. d6 Bxd6 11. Re1+ Be7 12. Bg5 f6 13. Bf4 d5 14. Qg3
O-O 15. Bxc7 Qd7 16. Nc3 Bb4 17. Rad1 Bxc3 18. bxc3 Qc6 19. Re7 Rf7 20. Rde1
Bd7 21. Bb8 a5 22. h4 a4 23. h5 Ra6 24. h6 g6 25. Qe3 d4 26. cxd4 Qd5 27. Qa3
1-0

[Event "Olomouc 2008 - IM - C"]
[Site "?"]
[Date "2008.08.03"]
[Round "7.6"]
[White "Skinke, Katrina"]
[Black "Beil, Martin"]
[Result "1/2-1/2"]
[WhiteElo "2197"]
[BlackElo "2208"]
[PlyCount "53"]
[EventDate "2008.07.30"]

1. e4 c5 2. Nf3 e6 3. d4 cxd4 4. Nxd4 a6 5. Bd3 g6 6. Be3 Bg7 7. Nc3 Ne7 8. O-O
O-O 9. Nb3 b5 10. Qd2 Bb7 11. Bh6 d5 12. Bxg7 Kxg7 13. exd5 Nxd5 14. Be4 Qc7
15. Bxd5 exd5 16. Qd4+ Kg8 17. Nxd5 Bxd5 18. Qxd5 Nc6 19. Qc5 Rac8 20. c3 Qf4
21. Rfe1 Rfd8 22. Rad1 Ne5 23. Rxd8+ Rxd8 24. Qe7 Rd5 25. Nd4 Nd3 26. Rf1 Nxb2
27. Qb7 1/2-1/2

[Event "Olomouc 2008 - IM - C"]
[Site "?"]
[Date "2008.08.04"]
[Round "8.1"]
[White "Pochinkov, Andrey"]
[Black "Beil, Martin"]
[Result "1-0"]
[WhiteElo "2167"]
[BlackElo "2208"]
[PlyCount "73"]
[EventDate "2008.07.30"]

1. Nf3 Nf6 2. b3 d5 3. d4 e6 4. Bb2 Nbd7 5. Nbd2 c5 6. e3 Be7 7. Bd3 O-O 8. O-O
Qb6 9. c4 Rd8 10. Qc2 Nf8 11. Ne5 Bd7 12. f4 Be8 13. g4 Rac8 14. g5 N6d7 15.
Ng4 cxd4 16. exd4 Nb8 17. Nf3 Nc6 18. c5 Qc7 19. Qd2 a5 20. a3 b6 21. b4 Na7
22. Nfe5 Ng6 23. Nxg6 hxg6 24. Ne5 Bb5 25. Bxb5 Nxb5 26. Qe2 Na7 27. Nxg6 fxg6
28. Qxe6+ Kf8 29. f5 Bxg5 30. fxg6+ Bf6 31. Rxf6+ gxf6 32. Rf1 Rd7 33. Bc1 Kg7
34. Qxf6+ Kg8 35. Bh6 Rdd8 36. Qe6+ Kh8 37. Rf7 1-0

[Event "Olomouc 2008 - IM - C"]
[Site "?"]
[Date "2008.08.04"]
[Round "8.2"]
[White "Semcesen, Daniel"]
[Black "Skinke, Katrina"]
[Result "1-0"]
[WhiteElo "2387"]
[BlackElo "2197"]
[PlyCount "111"]
[EventDate "2008.07.30"]

1. d4 Nf6 2. c4 g6 3. Nc3 Bg7 4. e4 d6 5. h3 e5 6. d5 a5 7. Nf3 O-O 8. Bg5 h6
9. Be3 Na6 10. Nd2 Bd7 11. Be2 Nc5 12. O-O Nh7 13. a3 a4 14. Qc2 f5 15. exf5
Bxf5 16. Nce4 b6 17. f3 Nf6 18. g4 Nfxe4 19. fxe4 Bd7 20. Rxf8+ Bxf8 21. Kg2
Bg7 22. Rf1 Qe7 23. Nb1 Nb3 24. Nc3 Re8 25. Bd1 Ra8 26. Qe2 Nc5 27. Qd2 Kh7 28.
Bc2 Be8 29. Rf3 Bd7 30. Qf2 Kg8 31. Kf1 Nb7 32. Ke1 Nc5 33. Kd2 Nb7 34. Qf1 Nc5
35. Kc1 Qe8 36. Kb1 Ra5 37. Ka2 Ra8 38. Nb5 Bxb5 39. cxb5 Ra5 40. Bxc5 bxc5 41.
Qc4 Qa8 42. Bd1 Ra7 43. Kb1 Ra5 44. Rf2 Ra7 45. g5 h5 46. h4 Ra5 47. Be2 Qc8
48. Qd3 Ra8 49. Qg3 Qd7 50. Bf1 Kh8 51. Qh3 Qe8 52. Kc2 Rb8 53. Qe6 Qxe6 54.
dxe6 Re8 55. Bc4 Bf8 56. Bd5 1-0

[Event "Olomouc 2008 - IM - C"]
[Site "?"]
[Date "2008.08.04"]
[Round "8.3"]
[White "Klecker, Tadeas"]
[Black "Stets, Dmitry"]
[Result "1-0"]
[WhiteElo "2162"]
[BlackElo "2420"]
[PlyCount "93"]
[EventDate "2008.07.30"]

1. Nf3 Nf6 2. c4 g6 3. g3 Bg7 4. Bg2 O-O 5. O-O d6 6. d4 Nc6 7. Nc3 Bf5 8. d5
Na5 9. Nd2 c5 10. e4 Bg4 11. Qc2 Qc8 12. b3 Bh3 13. Bb2 a6 14. Rae1 Rb8 15. f4
b5 16. e5 Ne8 17. Nce4 Bxg2 18. Kxg2 f6 19. exd6 exd6 20. Bc3 Nb7 21. Rf3 bxc4
22. bxc4 Nd8 23. f5 g5 24. g4 Nf7 25. Rh1 Ne5 26. Bxe5 dxe5 27. h4 h6 28. hxg5
hxg5 29. Nb3 Rb6 30. Nbxc5 Nd6 31. Rb3 Rxb3 32. axb3 Nxf5 33. gxf5 Qxf5 34. Qf2
Qg4+ 35. Qg3 Qe2+ 36. Nf2 e4 37. Ncxe4 g4 38. Qxg4 Qxg4+ 39. Nxg4 f5 40. Nh6+
Bxh6 41. Rxh6 fxe4 42. Rxa6 Rb8 43. Re6 Rxb3 44. Rxe4 Kf7 45. Kf2 Kf6 46. Ke2
Kf5 47. Re3 1-0

[Event "Olomouc 2008 - IM - C"]
[Site "?"]
[Date "2008.08.04"]
[Round "8.4"]
[White "Kireev, Aleksei"]
[Black "Jurcik, Martin"]
[Result "1/2-1/2"]
[WhiteElo "2387"]
[BlackElo "2352"]
[PlyCount "40"]
[EventDate "2008.07.30"]

1. g3 d5 2. d3 Nf6 3. Bg2 e5 4. e4 dxe4 5. dxe4 Qxd1+ 6. Kxd1 Ng4 7. Nh3 Bc5 8.
f3 Ne3+ 9. Bxe3 Bxe3 10. Ke2 Bb6 11. Nf2 Be6 12. Nd2 Nd7 13. Bh3 Nf8 14. c3
Bxf2 15. Bxe6 Nxe6 16. Kxf2 f6 17. Nc4 O-O-O 18. Rhd1 Nc5 19. Ke2 Na4 20. Rab1
Rxd1 1/2-1/2

[Event "Olomouc 2008 - IM - C"]
[Site "?"]
[Date "2008.08.04"]
[Round "8.5"]
[White "Shilov, Sergej"]
[Black "Rosko, Lubos"]
[Result "1-0"]
[WhiteElo "2255"]
[BlackElo "2387"]
[PlyCount "65"]
[EventDate "2008.07.30"]

1. c4 e5 2. Nc3 Nc6 3. g3 Bb4 4. Nd5 a5 5. Bg2 Nge7 6. e3 d6 7. Ne2 O-O 8. a3
Bc5 9. Nec3 f5 10. d3 Nb8 11. d4 Ba7 12. dxe5 dxe5 13. Nb5 c6 14. Ndc7 Qxd1+
15. Kxd1 e4 16. Nd4 Na6 17. Nxa8 Bd7 18. b4 Rxa8 19. Bd2 Ng6 20. f4 exf3 21.
Nxf3 Re8 22. Re1 Nc7 23. Kc2 a4 24. Bf1 h6 25. Bd3 Re7 26. Kb2 b5 27. e4 fxe4
28. Bxe4 Nf8 29. Bf4 Nce6 30. Bd6 Rf7 31. c5 Be8 32. Rf1 Rb7 33. Ne5 1-0

[Event "Olomouc 2008 - IM - C"]
[Site "?"]
[Date "2008.08.05"]
[Round "9.1"]
[White "Biolek, Richard"]
[Black "Pochinkov, Andrey"]
[Result "1/2-1/2"]
[WhiteElo "2434"]
[BlackElo "2167"]
[PlyCount "51"]
[EventDate "2008.07.30"]

1. e4 e6 2. d4 d5 3. Nc3 Bb4 4. e5 c5 5. a3 Bxc3+ 6. bxc3 Qa5 7. Bd2 Qa4 8.
dxc5 Nd7 9. Nf3 Nxc5 10. Nd4 Bd7 11. Qb1 Ne7 12. Bd3 f6 13. f4 fxe5 14. fxe5
O-O 15. Nf3 Qg4 16. O-O b6 17. h3 Qh5 18. Qb4 Ng6 19. Rae1 Nxd3 20. cxd3 Qf5
21. Qb1 Ne7 22. Nd4 Qg6 23. Qb4 Nc6 24. Nxc6 Bxc6 25. d4 h6 26. Qb1 1/2-1/2

[Event "Olomouc 2008 - IM - C"]
[Site "?"]
[Date "2008.08.05"]
[Round "9.2"]
[White "Rosko, Lubos"]
[Black "Biolek, Richard Jr"]
[Result "0-1"]
[WhiteElo "2387"]
[BlackElo "2354"]
[PlyCount "71"]
[EventDate "2008.07.30"]

1. d4 d5 2. c4 Nc6 3. Nf3 Bg4 4. e3 e6 5. Qb3 Bxf3 6. gxf3 Rb8 7. Nc3 Bb4 8.
Bd2 Nge7 9. O-O-O O-O 10. cxd5 exd5 11. Na4 b5 12. Nc5 Bxc5 13. dxc5 b4 14. Qa4
Qd7 15. f4 Qe6 16. Bd3 Kh8 17. Kb1 f5 18. f3 a5 19. h4 Ra8 20. h5 h6 21. Rdg1
Rg8 22. Rg2 Nb8 23. Qc2 Nbc6 24. Qa4 Nb8 25. e4 Nbc6 26. exf5 Qf6 27. Re1 Nd4
28. Qd7 Rae8 29. Bc1 a4 30. Re3 Ndxf5 31. Re6 Qf8 32. Bd2 Rd8 33. Qxc7 Qf7 34.
Rge2 Rge8 35. Bb5 Nd4 36. Bxe8 0-1

[Event "Olomouc 2008 - IM - C"]
[Site "?"]
[Date "2008.08.05"]
[Round "9.3"]
[White "Jurcik, Martin"]
[Black "Shilov, Sergej"]
[Result "1-0"]
[WhiteElo "2352"]
[BlackElo "2255"]
[PlyCount "81"]
[EventDate "2008.07.30"]

1. e4 e5 2. Nf3 Nc6 3. Bb5 f5 4. Nc3 Nf6 5. Qe2 Nd4 6. Nxd4 exd4 7. e5 Ng4 8.
h3 Nh6 9. Nb1 Qe7 10. c3 c6 11. Bd3 Qg5 12. O-O f4 13. cxd4 d5 14. exd6+ Kd8
15. Qe5 Nf7 16. Qxg5+ Nxg5 17. h4 Ne6 18. d5 cxd5 19. Nc3 Nc5 20. Bb1 d4 21. b4
Na6 22. Ne4 Bf5 23. Ng5 Bxb1 24. Rxb1 Kd7 25. Bb2 h6 26. Ne4 Bxd6 27. Bxd4 Rhg8
28. Rfe1 f3 29. g3 Be7 30. a3 Nc7 31. Rb3 Raf8 32. Rd3 Kc8 33. Rc1 Rd8 34. Rdc3
Rd7 35. Be5 Bd8 36. Nd6+ Kb8 37. Nb5 Re8 38. Bxc7+ Bxc7 39. Nxc7 Re2 40. Ne6 a6
41. Nf4 1-0

[Event "Olomouc 2008 - IM - C"]
[Site "?"]
[Date "2008.08.05"]
[Round "9.4"]
[White "Stets, Dmitry"]
[Black "Kireev, Aleksei"]
[Result "1-0"]
[WhiteElo "2420"]
[BlackElo "2387"]
[PlyCount "61"]
[EventDate "2008.07.30"]

1. e4 d6 2. d4 e5 3. Nf3 exd4 4. Nxd4 Nf6 5. Nc3 Be7 6. Bf4 O-O 7. Qd2 Nc6 8.
O-O-O Nxd4 9. Qxd4 Be6 10. f3 Re8 11. Kb1 a6 12. h4 Nh5 13. Bh2 Bxh4 14. e5 Ng3
15. Bxg3 Bxg3 16. f4 h6 17. Qe3 Bh4 18. Qf3 Rb8 19. Qh5 Bg3 20. Qf3 Bh4 21. g3
Be7 22. f5 Bd7 23. Bc4 Bc6 24. Qh5 Rf8 25. Rhf1 b5 26. Bb3 Bg5 27. f6 Kh8 28.
Bxf7 gxf6 29. exf6 Be8 30. Qxg5 Rxf7 31. Qxh6+ 1-0

[Event "Olomouc 2008 - IM - C"]
[Site "?"]
[Date "2008.08.05"]
[Round "9.5"]
[White "Skinke, Katrina"]
[Black "Klecker, Tadeas"]
[Result "1-0"]
[WhiteElo "2197"]
[BlackElo "2162"]
[PlyCount "123"]
[EventDate "2008.07.30"]

1. e4 d6 2. d4 e5 3. Nf3 exd4 4. Nxd4 Nf6 5. Nc3 Be7 6. Be2 O-O 7. O-O Re8 8.
f4 Bf8 9. Bf3 c5 10. Nb3 Nc6 11. Kh1 a5 12. a4 Nb4 13. Bd2 Be6 14. Be1 Bc4 15.
Rg1 Qb6 16. Nd2 Ba6 17. b3 Rad8 18. Nc4 Bxc4 19. bxc4 Qa6 20. Nb5 Nxe4 21. c3
Nc6 22. Qd3 Nf6 23. Nc7 Qb6 24. Nxe8 Nxe8 25. Bh4 f6 26. Bd5+ Kh8 27. Rab1 Qc7
28. Rb2 Rb8 29. Re1 Ne7 30. Be4 g6 31. Bf3 Nf5 32. Bf2 Neg7 33. g4 Ne7 34. Bh4
f5 35. Bxe7 Bxe7 36. g5 Bf8 37. Qd5 b6 38. Kg2 Qd7 39. Qc6 Qxc6 40. Bxc6 Nh5
41. Kf3 d5 42. cxd5 Bd6 43. Re8+ Rxe8 44. Bxe8 Bc7 45. Re2 Bxf4 46. Re6 Bxh2
47. Rxb6 Bf4 48. d6 Bxg5 49. Rb8 Kg7 50. d7 Nf4 51. d8=Q Bxd8 52. Rxd8 g5 53.
Rc8 Ne6 54. Bd7 g4+ 55. Kg3 Ng5 56. Bxf5 h5 57. Rxc5 Kf6 58. Rxa5 Nf3 59. Be4
Ne5 60. Kf4 Nc4 61. Rxh5 g3 62. Kxg3 1-0

[Event "Olomouc 2008 - IM - C"]
[Site "?"]
[Date "2008.08.05"]
[Round "9.6"]
[White "Beil, Martin"]
[Black "Semcesen, Daniel"]
[Result "1/2-1/2"]
[WhiteElo "2208"]
[BlackElo "2387"]
[PlyCount "47"]
[EventDate "2008.07.30"]

1. e4 e5 2. Nf3 Nc6 3. Bb5 a6 4. Ba4 Nf6 5. O-O Be7 6. Re1 b5 7. Bb3 d6 8. c3
O-O 9. h3 a5 10. a4 b4 11. d4 bxc3 12. Nxc3 Nxd4 13. Nxd4 exd4 14. Qxd4 Rb8 15.
Bc2 Rb4 16. Qd3 c6 17. b3 Qc7 18. Ba3 Rb8 19. e5 dxe5 20. Ne4 Nd5 21. Nc3 Nf6
22. Ne4 Nd5 23. Nc3 Nf6 24. Ne4 1/2-1/2

[Event "Olomouc 2008 - IM - C"]
[Site "?"]
[Date "2008.08.06"]
[Round "10.1"]
[White "Pochinkov, Andrey"]
[Black "Semcesen, Daniel"]
[Result "0-1"]
[WhiteElo "2167"]
[BlackElo "2387"]
[PlyCount "78"]
[EventDate "2008.07.30"]

1. Nf3 d5 2. d4 Nf6 3. b3 Bf5 4. Bb2 e6 5. Nbd2 c6 6. e3 Nbd7 7. Ne5 h6 8. Be2
Be7 9. O-O O-O 10. c4 Ne4 11. Ndf3 Nxe5 12. Nxe5 Bd6 13. f3 Nf6 14. g4 Bh7 15.
Bd3 Bxd3 16. Qxd3 Qe7 17. Rf2 c5 18. Raf1 Rad8 19. Qc2 a6 20. Rg2 cxd4 21. exd4
dxc4 22. bxc4 Bxe5 23. dxe5 Nh7 24. f4 Qc5+ 25. Kh1 Rc8 26. Rc1 Rfd8 27. g5
hxg5 28. h4 Qe3 29. fxg5 Rd3 30. Qf2 Qe4 31. Kg1 Rh3 32. g6 fxg6 33. Rf1 Rf8
34. Qd4 Rxf1+ 35. Kxf1 Rh1+ 36. Rg1 Qb1+ 37. Kg2 Rxg1+ 38. Qxg1 Qxb2+ 39. Kh1
Nf8 0-1

[Event "Olomouc 2008 - IM - C"]
[Site "?"]
[Date "2008.08.06"]
[Round "10.2"]
[White "Klecker, Tadeas"]
[Black "Beil, Martin"]
[Result "1/2-1/2"]
[WhiteElo "2162"]
[BlackElo "2208"]
[PlyCount "41"]
[EventDate "2008.07.30"]

1. d4 d5 2. c4 c6 3. cxd5 cxd5 4. Nf3 Nf6 5. Nc3 Nc6 6. Bf4 a6 7. e3 Bg4 8. h3
Bxf3 9. Qxf3 Qb6 10. Rb1 g5 11. Be5 Nxe5 12. dxe5 Ne4 13. Nxe4 dxe4 14. Qxe4
Bg7 15. Bd3 Qa5+ 16. Ke2 O-O-O 17. e6 f5 18. Qxf5 Rd5 19. Qe4 Rhd8 20. Rhd1 Kb8
21. Qxh7 1/2-1/2

[Event "Olomouc 2008 - IM - C"]
[Site "?"]
[Date "2008.08.06"]
[Round "10.3"]
[White "Kireev, Aleksei"]
[Black "Skinke, Katrina"]
[Result "1/2-1/2"]
[WhiteElo "2387"]
[BlackElo "2197"]
[PlyCount "41"]
[EventDate "2008.07.30"]

1. g3 g6 2. Bg2 Bg7 3. e4 d6 4. d3 Nf6 5. Nh3 O-O 6. O-O c5 7. f4 Nc6 8. Nf2
Bd7 9. g4 Qc8 10. f5 Ne8 11. c3 e6 12. fxg6 fxg6 13. Nd2 Ne5 14. Nf3 Nxf3+ 15.
Bxf3 Nc7 16. Qe2 e5 17. Nd1 Ne6 18. Ne3 Nf4 19. Qd1 Be6 20. Nd5 Bxd5 21. exd5
1/2-1/2

[Event "Olomouc 2008 - IM - C"]
[Site "?"]
[Date "2008.08.06"]
[Round "10.4"]
[White "Shilov, Sergej"]
[Black "Stets, Dmitry"]
[Result "0-1"]
[WhiteElo "2255"]
[BlackElo "2420"]
[Annotator ",Jakub"]
[PlyCount "74"]
[EventDate "2008.07.30"]

1. d4 Nf6 2. g3 c5 3. d5 b5 4. a4 Qa5+ 5. Bd2 b4 6. Bg2 c4 7. c3 Na6 8. d6 Rb8
9. dxe7 Bxe7 10. Nf3 O-O 11. O-O Qh5 12. h3 Ne4 13. Bf4 d6 14. Nd4 Bb7 15. Nd2
Nxd2 16. Qxd2 Bxg2 17. Kxg2 bxc3 18. bxc3 Qd5+ 19. f3 f5 20. Rad1 Nc5 21. Qc2
Ne6 22. Bc1 Nxd4 23. Rxd4 Qe6 24. Rfd1 Rfe8 25. Kf2 Bf8 26. Rd5 g6 27. Bf4 Rb3
28. Qd2 Qf6 29. Rd4 Qf7 30. Rc1 Qb7 31. Bxd6 Bg7 32. Rxc4 Rd8 33. Rd1 Qb6+ 34.
Kg2 Rb2 35. Qd5+ Kh8 36. Kf1 Qe3 37. Qd3 Qe6 {58 moves} 0-1

[Event "Olomouc 2008 - IM - C"]
[Site "?"]
[Date "2008.08.06"]
[Round "10.6"]
[White "Biolek, Richard"]
[Black "Rosko, Lubos"]
[Result "1-0"]
[WhiteElo "2434"]
[BlackElo "2387"]
[PlyCount "61"]
[EventDate "2008.07.30"]

1. c4 e5 2. Nc3 Nc6 3. g3 Bb4 4. Nd5 a5 5. Bg2 Nge7 6. b3 Nxd5 7. cxd5 Ne7 8.
Bb2 d6 9. a3 Bc5 10. d4 exd4 11. Bxd4 Bxd4 12. Qxd4 O-O 13. e3 c5 14. Qd2 Ng6
15. Ne2 Ne5 16. O-O Bh3 17. Nc3 Re8 18. e4 Qb6 19. Rab1 f5 20. f4 Bxg2 21. Kxg2
Ng4 22. Rfe1 Nf6 23. e5 Nd7 24. exd6 Qxd6 25. Qd3 Qf6 26. d6 Kf8 27. Nb5 Rxe1
28. Rxe1 Re8 29. Rxe8+ Kxe8 30. Qd5 b6 31. Nc7+ 1-0

[Event "Olomouc 2008 - IM - C"]
[Site "?"]
[Date "2008.08.07"]
[Round "11.1"]
[White "Rosko, Lubos"]
[Black "Pochinkov, Andrey"]
[Result "1-0"]
[WhiteElo "2387"]
[BlackElo "2167"]
[PlyCount "89"]
[EventDate "2008.07.30"]

1. d4 Nf6 2. c4 e6 3. Nf3 Bb4+ 4. Nbd2 O-O 5. a3 Bxd2+ 6. Qxd2 a5 7. Qc2 d6 8.
b3 Nc6 9. Bb2 Qe7 10. e4 e5 11. d5 Nb8 12. Be2 Na6 13. Nd2 Ne8 14. O-O g5 15.
Bc3 Nb8 16. b4 axb4 17. axb4 Rxa1 18. Rxa1 Ng7 19. Bb2 Nd7 20. Bd3 Nh5 21. g3
Kh8 22. Nb3 Ndf6 23. c5 Bh3 24. Ra7 Rb8 25. Na5 Ng4 26. Rxb7 Rxb7 27. Nxb7 Qf6
28. Qe2 Nh6 29. Bc1 Bg4 30. Qe3 Nf4 31. Bf1 Bc8 32. c6 Ng4 33. Qf3 Nh3+ 34. Kg2
Qxf3+ 35. Kxf3 Nxh2+ 36. Kg2 Nxf1 37. Kxf1 Kg7 38. b5 Kf6 39. Nxd6 Bg4 40. Ne8+
Ke7 41. Nxc7 Kd8 42. b6 Bf3 43. b7 Kxc7 44. d6+ Kb8 45. d7 1-0

[Event "Olomouc 2008 - IM - C"]
[Site "?"]
[Date "2008.08.07"]
[Round "11.4"]
[White "Skinke, Katrina"]
[Black "Shilov, Sergej"]
[Result "1-0"]
[WhiteElo "2197"]
[BlackElo "2255"]
[PlyCount "75"]
[EventDate "2008.07.30"]

1. e4 c5 2. Nf3 a6 3. d4 cxd4 4. Nxd4 Nf6 5. Nc3 e5 6. Nb3 Bb4 7. Bd2 Bxc3 8.
Bxc3 Nxe4 9. Qg4 Nf6 10. Qxg7 Rg8 11. Qh6 Nc6 12. O-O-O Qe7 13. f3 d5 14. Re1
Rg6 15. Qd2 Bd7 16. Na5 d4 17. Nxc6 Bxc6 18. Bxd4 O-O-O 19. Rxe5 Qd6 20. Bc3
Nd5 21. Re1 Nxc3 22. Qxc3 Qf4+ 23. Kb1 Qd2 24. Qxd2 Rxd2 25. Kc1 Rgd6 26. Rg1
Kc7 27. Bd3 Rf2 28. Re7+ Kb6 29. Rxf7 Bd5 30. Rxh7 Bxa2 31. Rg7 Ka5 32. Rxb7
Bd5 33. Rg7 Kb4 34. Rg4+ Kc5 35. Kd1 Bb3 36. Ke1 Rxc2 37. Bxc2 Bxc2 38. Kf2 1-0